000 00739nam a2200229Ii 4500
003 JO-AjNU
008 230605s9999||||xx |||||||||||||| ||und||
017 _a2007/5/1225
020 _a978-9957-11-699-6
040 _aJO-AjNU
_bara
_erda
_cJO-AjNU
041 _aara
050 1 4 _aLC191.J3664 2009
100 3 _aجعنيني،نعيم حبيب,
_eauthor
_922028
245 0 0 _aعلم إجتماع التربية المعاصر بين النظرية والتطبيق
250 _aط1
264 3 1 _aعمان:دار وائل،2009
300 _a374ص
336 _atext
_btxt
_2rdacontent
337 _aunmediated
_bn
_2rdamedia
338 _avolume
_bnc
_2rdacarrier
650 4 _aالتربية-علم إجتماع-التعلم
_922029
999 _aA7751
_c11319
_d11319